| 000 | 01212nam a2200313 a 4500 | ||
|---|---|---|---|
| 001 | 000113604 | ||
| 003 | CHAP | ||
| 005 | 20220329144403.0 | ||
| 008 | 170830s2017 mx sm |||||||spa d | ||
| 010 | _a110065 | ||
| 011 | _a111037 | ||
| 040 | _cCHAP | ||
| 090 | _aTesis | ||
| 100 | 1 |
_aZapata Cruz, Gerardo Saúl _9133030 |
|
| 245 | 1 | 0 |
_aAlternativa de manejo nutricional y control de mycosphaerella fijiensis Morelet en banano (Musa x paradisiaca subgrupo "Cavendish" ´gran enano´) _h[En línea] _cpor Gerardo Saúl Zapata Cruz. |
| 260 |
_aChapingo, Méx. : _bEl autor, _c2017. |
||
| 500 | _aPara ver el contenido del material haga clic en la liga | ||
| 502 | _aTesis (Ing. Agr. Esp. en Fitotecnia) -- UACH. Departamento de Fitotecnia | ||
| 590 |
_aE5765TAJ _b05 _c20170830 _lUCH01 _h0412 |
||
| 590 |
_aE5765TAJ _b05 _c20170830 _lUCH01 _h0412 |
||
| 650 | 1 | 4 |
_aAceites esenciales _xEfecto en hongos fitopatógenos. _9131844 |
| 650 | 1 | 4 |
_aBiofertilizantes _xElaboración. _9133031 |
| 650 | 1 | 4 |
_aMycosphaerella fijiensis. _979933 |
| 650 | 1 | 4 |
_aPlátano _xEnfermedades. _989231 |
| 856 |
_aFinding aid _uhttp://10.13.5.2/tesis/sist113604.pdf _zTeclea aquí |
||
| 901 | _aBK | ||
| 942 | _cTESIS | ||
| 942 | _n0 | ||
| 999 |
_c110065 _d110065 |
||